Exposición Cervantina en la Biblioteca Nacional para conmemorar el CCCXXX aniversario de la muerte de Miguel de Cervantes Saavedra (Record no. 61601)

MARC details
000 -LEADER
campo de control de longitud fija 01052nam a2200253 i 4500
001 - NÚMERO DE CONTROL
campo de control 61601
003 - IDENTIFICADOR DE NÚMERO DE CONTROL
campo de control ES-MaACL
005 - FECHA Y HORA DE LA ÚLTIMA TRANSACCIÓN
campo de control 20240301062533.0
007 - CAMPO FIJO DE DESCRIPCIÓN FÍSICA--INFORMACIÓN GENERAL
campo de control de longitud fija t|
008 - DATOS DE LONGITUD FIJA--INFORMACIÓN GENERAL
campo de control de longitud fija 031112s1946 sp f c ||||1| spa d
080 ## - NÚMERO DE LA CLASIFICACIÓN DECIMAL UNIVERSAL
Número de la Clasificación Decimal Universal 016:821.134.2 Cervantes Saavedra, Miguel de 1.07
080 ## - NÚMERO DE LA CLASIFICACIÓN DECIMAL UNIVERSAL
Número de la Clasificación Decimal Universal 012 Cervantes Saavedra, Miguel de
111 2# - ENTRADA PRINCIPAL--NOMBRE DE CONGRESO/REUNIÓN
Nombre de congreso/reunión o jurisdicción como elemento de entrada Exposición Cervantina en la Biblioteca Nacional (
Fecha del congreso o de la firma del tratado 1946.
Sede del congreso/Lugar de la reunión Madrid)
9 (RLIN) 663
245 10 - MENCIÓN DEL TÍTULO
Título Exposición Cervantina en la Biblioteca Nacional para conmemorar el CCCXXX aniversario de la muerte de Miguel de Cervantes Saavedra
Resto del título : catálogo : Madrid, 23 abril 1946.
260 ## - PUBLICACIÓN, DISTRIBUCIÓN, ETC.
Lugar de publicación, distribución, etc. Madrid :
Nombre del editor, distribuidor, etc. [s.n.,
Fecha de publicación, distribución, etc. 1946] (
Fabricante Tall. Tip. de Pablo López)
300 ## - DESCRIPCIÓN FÍSICA
Extensión 182 p., 30 lám. ;
Dimensiones 25 cm.
600 14 - PUNTO DE ACCESO ADICIONAL DE MATERIA--NOMBRE DE PERSONA
Nombre de persona Cervantes Saavedra, Miguel de,
Fechas asociadas al nombre 1547-1616-
Subdivisión de forma Exposiciones
9 (RLIN) 37604
655 #7 - TERMINO DE INDIZACIÓN--GENERO/FORMA
Fuente del término tgfbne
9 (RLIN) 193628
Datos o término principal de género/forma Catálogos de exposiciones
710 2# - ENTRADA AGREGADA--NOMBRE DE ENTIDAD CORPORATIVA
Nombre de entidad corporativa o nombre de jurisdicción como elemento de entrada Biblioteca Nacional (España)
9 (RLIN) 2188
710 1# - ENTRADA AGREGADA--NOMBRE DE ENTIDAD CORPORATIVA
Nombre de entidad corporativa o nombre de jurisdicción como elemento de entrada España.
Unidad subordinada Dirección General de Propaganda.
9 (RLIN) 3776
852 ## - LOCALIZACIÓN
Ubicación ES-MaACL
Número de control de estantería B-10722
942 ## - ELEMENTOS DE ENTRADA SECUNDARIOS (KOHA)
Fuente del sistema de clasificación o colocación Clasificación decimal universal
Holdings
Estatus retirado Estado de pérdida Estado de daño No para préstamo Biblioteca de origen Biblioteca actual Ubicación en estantería Fecha de adquisición Fuente de adquisición Total de préstamos Signatura topográfica completa Código de barras Visto por última vez Precio de reemplazo Tipo de ítem Koha
        Biblioteca del Ateneo de Madrid Biblioteca del Ateneo de Madrid Sala Pardo Bazán 17/01/2008     B-10722 1064591 23/02/2023 23/02/2023 Libro impreso